| 000 | 01013nam0a2200289 4500 | ||
|---|---|---|---|
| 001 | RU\NLR\bibl\543568 | ||
| 005 | 20260409075337.0 | ||
| 010 |
_a5-89144-387-2 _910000 |
||
| 021 |
_aRU _b2004-25357 _91282 |
||
| 035 | _a(NLR Aleph) 000535797 | ||
| 090 |
_a1381832 _c1381832 |
||
| 100 | _a20040806d2004 u y0rusy50 ca | ||
| 101 | 0 | _arus | |
| 102 | _aRU | ||
| 105 | _ay ||||||||| | ||
| 200 | 1 |
_aНравственно-этические беседы и игры с дошкольниками _fЕ.А. Алябьева |
|
| 210 |
_aМ. _cТворч. центр "Сфера" _d2004 |
||
| 215 |
_a124, [1] с. _d20 |
||
| 606 |
_aДошкольники _xНравственное воспитание _jМетодические пособия _3RU\NLR\AUTH\661449101 _92435112 |
||
| 686 | 1 | _aЧ411.352 | |
| 700 | 1 |
_aАлябьева _bЕ. А. _gЕлена Алексеевна _4070 |
|
| 801 | 0 |
_aRU _bNLR _c20040806 _gPSBO |
|
| 801 | 1 |
_aRU _bNLR _c20040806 |
|
| 942 | _cBOOK | ||
| 980 | _aNB | ||